[Event "Berlin-ch Seniors op 33rd"]
[Site "Berlin"]
[Date "2017.02.02"]
[Round "3"]
[White "Kuntosch, Peter"]
[Black "Garms, Ilse"]
[Result "0-1"]
[WhiteElo "1586"]
[BlackElo "1766"]
[PlyCount "60"]
[EventDate "2017.01.31"]
[EventType "swiss"]
[EventRounds "9"]
[EventCountry "GER"]
[SourceTitle "EXT 2019"]
[Source "ChessBase"]
[SourceDate "2018.10.10"]
[SourceVersion "1"]
[SourceVersionDate "2018.10.10"]
[SourceQuality "1"]

1. e4 e6 2. Nf3 c5 3. Nc3 Nc6 4. Bc4 d6 5. 0-0 Nf6 6. d3 Be7 7. Re1 0-0 8. h3 a6 9. Bg5 Nd7 10. Bxe7 Qxe7 11. a3 b5 12. Bb3 Bb7 13. Na2 Na5 14. c3 Nxb3 15. Qxb3 Bc6 16. Qc2 Rfc8 17. Rad1 Qf6 18. b4 a5 19. d4 axb4 20. axb4 Qg6 21. Qb1 d5 22. Nd2 c4 23. Nc1 dxe4 24. Ne2 f5 25. Ng3 Nf6 26. Kh2 Nd5 27. Qb2 Nf4 28. Qc2 h5 29. f3 h4 30. Ngxe4 Qxg2# 0-1

[Event "Berlin-ch Seniors op 31st"]
[Site "Berlin"]
[Date "2015.01.29"]
[Round "1"]
[White "Prix, Siegfried"]
[Black "Kuntosch, Peter"]
[Result "1-0"]
[WhiteElo "1652"]
[BlackElo "1200"]
[PlyCount "75"]
[EventDate "2015.01.29"]
[EventType "swiss"]
[EventRounds "9"]
[EventCountry "GER"]
[SourceTitle "EXT 2018"]
[Source "ChessBase"]
[SourceDate "2017.10.13"]
[SourceVersion "1"]
[SourceVersionDate "2017.10.13"]
[SourceQuality "1"]

1. e4 e5 2. Nf3 Nc6 3. Bb5 Nge7 4. c3 g6 5. d4 exd4 6. cxd4 Bg7 7. Nc3 0-0 8. 0-0 d6 9. Bg5 f6 10. Bh4 a6 11. Ba4 Bg4 12. Qb3+ Kh8 13. Qxb7 Ra7 14. Qb3 Bxf3 15. gxf3 Nxd4 16. Qd1 c5 17. b4 Qb6 18. bxc5 dxc5 19. Rb1 Qa5 20. Qd3 Rd8 21. Rfd1 Raa8 22. Qe3 Rab8 23. Kg2 Re8 24. Bxe8 Rxe8 25. Qd2 Nec6 26. Nd5 Qxd2 27. Rxd2 Ne5 28. Rdb2 g5 29. Bg3 Nb5 30. Bxe5 fxe5 31. a4 Nc7 32. Rc1 Bf8 33. Nf6 Rc8 34. Rb7 Bg7 35. Ng4 c4 36. Rc3 h5 37. Ne3 Bf8 38. Nd5 1-0

[Event "Berlin-ch Seniors op 30th"]
[Site "Berlin"]
[Date "2014.02.04"]
[Round "6"]
[White "Schulz, Manfred"]
[Black "Kuntosch, Peter"]
[Result "1-0"]
[WhiteElo "1370"]
[BlackElo "1200"]
[PlyCount "73"]
[EventDate "2014.01.30"]
[EventType "swiss"]
[EventRounds "9"]
[EventCountry "GER"]
[SourceTitle "EXT 2018"]
[Source "ChessBase"]
[SourceDate "2017.10.13"]
[SourceVersion "1"]
[SourceVersionDate "2017.10.13"]
[SourceQuality "1"]

1. d4 d5 2. Nf3 Nf6 3. e3 Nc6 4. Bd3 e6 5. Nbd2 Bd6 6. 0-0 0-0 7. c3 Re8 8. e4 dxe4 9. Nxe4 h6 10. Re1 b6 11. Nxf6+ Qxf6 12. Bb5 Bb7 13. Qa4 e5 14. Bxc6 Bxc6 15. Qxc6 e4 16. Ne5 Bxe5 17. Qxf6 Bxf6 18. Bf4 Re7 19. Re2 c6 20. Rae1 Rae8 21. Rd1 Rd8 22. Kf1 Rd5 23. Red2 Red7 24. Be3 Bg5 25. Bxg5 Rxg5 26. Re2 f5 27. c4 Rg6 28. Red2 Rgd6 29. b4 c5 30. bxc5 bxc5 31. d5 Rb7 32. Ke2 Rb4 33. Rc2 Kf7 34. f3 exf3+ 35. Kxf3 g5 36. g3 Kf6 37. Re1 1-0